Nebezpečné stereotypy o postavení maďarskej menšiny v Slovenskej republike

Bibliographic Details
Main Author: Poláčková, Zuzana, 1961- (Author)
Format: Article
Language:Slovak
ISBN:9788089046539
Subjects:

MARC

LEADER 00000naa a2200000 ar4500
001 vtls009963989
003 SK-MaSNL
005 20260426023543.0
008 091027|2008 xo |||||||||||1|| ||slo
015 |a SNBRA2009/10  |2 snkbucl 
038 |a SNKBUCL 
040 |a SNKBUCL  |b slo  |e AACR2  |c SNKBUCL 
041 1 |a slo  |b eng  |b hun 
044 |a xo  |c SK 
080 |a 323.113(=511.141)(437.6)  |2 2001 
080 |a 316.022.4(=511.141)(437.6)  |2 2001 
100 1 |a Poláčková, Zuzana,  |d 1961-  |4 aut  |9 103902 
245 1 0 |a Nebezpečné stereotypy o postavení maďarskej menšiny v Slovenskej republike  |c Zuzana Poláčková 
504 |a Bibliogr. odkazy 
546 |a Res. angl., maď. 
648 7 |a 1989-2008  |2 snkbucl  |9 323414 
650 0 7 |a Maďari  |2 snkbucl  |9 18097 
650 0 7 |a národnostné menšiny  |2 snkbucl  |9 2669 
650 0 7 |a národnostná politika  |2 snkbucl  |9 4656 
651 7 |a Slovensko  |2 snkbucl  |9 14231 
655 7 |a referáty  |2 snkbucl  |9 70611 
773 0 |t Maďarská menšina na Slovensku v procesoch transformácie po roku 1989  |d Prešov : Universum, 2008  |g S. 69-77  |z 9788089046539 
852 |a SNK  |b KIS3GCP 
958 |a NB 
958 |a HU 
999 |c 1346090  |d 1348020